000
00348nam a2200169Ia 4500
100
_a
Datta/Samyak
650
_a
OPEN CV
942
_c
BK
366
_f
20
654
_a
open cv
245
_a
Learning OpenCV 3 Application development
260
_b
PACKT
_c
2016
082
_a
621.367
_b
DAT
300
_a
297
546
_a
ENGLISH
999
_c
23201
_d
23201